Loading...
History - American History | 0 | 4 | 0 | 0 | 40 | 86 | 100.00 | 2 | 2 |
History - Other History | 0 | 2 | 0 | 0 | 20 | 122 | 128.00 | 0 | 0 |
History - World History | 0 | 3 | 2 | 3 | 20 | 128 | 130.00 | 0 | 0 |
Literature - American Literature | 0 | 2 | 0 | 1 | 20 | 135 | 138.50 | 0 | 0 |
Literature - British Literature | 0 | 2 | 0 | 1 | 20 | 139 | 141.50 | 0 | 1 |
History - European History | 0 | 2 | 0 | 0 | 20 | 104 | 105.00 | 0 | 1 |
Fine Arts - Classical Music | 0 | 1 | 0 | 1 | 10 | 127 | 127.00 | 0 | 1 |
Fine Arts - Painting and Sculpture | 0 | 1 | 0 | 1 | 10 | 145 | 145.00 | 0 | 0 |
Geography | 0 | 1 | 0 | 0 | 10 | 107 | 107.00 | 0 | 0 |
Literature - World Literature | 0 | 1 | 0 | 1 | 10 | 126 | 126.00 | 0 | 1 |
Pop Culture | 0 | 1 | 0 | 0 | 10 | 33 | 33.00 | 0 | 0 |
Religion | 0 | 1 | 0 | 1 | 10 | 146 | 146.00 | 0 | 1 |
Science - Physics | 0 | 1 | 0 | 1 | 10 | 122 | 122.00 | 0 | 0 |
Social Science | 0 | 0 | 0 | 0 | 0 | 0.00 | 0 | 0 | |
Fine Arts - Other Fine Arts | 0 | 0 | 0 | 0 | 0 | 0.00 | 0 | 0 | |
Science - Chemistry | 0 | 0 | 0 | 0 | 0 | 0.00 | 0 | 0 | |
Mythology | 0 | 0 | 0 | 0 | 0 | 0.00 | 0 | 0 | |
Science - Other Science | 0 | 0 | 1 | 0 | -5 | 0.00 | 0 | 0 | |
Literature - European Literature | 0 | 0 | 1 | 0 | -5 | 0.00 | 0 | 0 |